Départements dont la préfecture est traversée par un cours d'eau du même nom - Mort Subite - Statistiques

Statistiques générales
  • Ce quiz a été pris 69 fois
  • Le résultat moyen est 5 sur 14
Answers on the Grid
Answers color-coded by a green-red scale on the quiz's grid according to % correct below.
Indre
Rhône
Haute-Garonne
Corrèze
Bas-Rhin
Seine-Maritime
Marne
Gers
Isère
Aveyron
Lot
Charente
Somme
Moselle
Orne
Hérault
Drôme
Vendée
Seine-Saint-Denis
Meuse
Aisne
 
Statistiques - réponses
Réponse % Correct
Rhône
67%
Bas-Rhin
49%
Somme
46%
Charente
44%
Haute-Garonne
38%
Seine-Maritime
38%
Lot
36%
Marne
33%
Moselle
33%
Isère
31%
Gers
26%
Indre
26%
Aveyron
18%
Corrèze
18%
Aucun quiz correspondant
Distribution des résultats
% des personnes avec chaque résultat
Percentile par nombre de réponses
Votre historique - résultats
Vous n’avez pas pris ce quiz